000
00280nam a2200121Ia 4500
008
190216s9999||||xx |||||||||||||| ||und||
100
_a
Krishna Chander
245
4
_a
The Dreamer
260
_b
Orient Paper Books
_c
1967
300
_a
160p
650
_a
English Essay
942
_c
BK
999
_c
12335
_d
12335